Los temas críticos de la educación superior en América latina : estudios comparativos.

Furkejuvvon:
Bibliográfalaš dieđut
Váldodahkki: Kent Serna, Rollín comp, (autor)
Materiálatiipa: Girji
Giella:espánnjágiella
Ráidu:(Sección de obras de educación y pedagogía)
Fáttát:
Fáddágilkorat: Lasit fáddágilkoriid
Eai fáddágilkorat, Lasit vuosttaš fáddágilkora!

MARC

LEADER 00000cam^a2200000uu^4500
001 000467814
005 20250521000000.0
008 050901s1996^^^^^^^^^^^^rd^r^^000^0^spa^d
009 20260310124454.871
022 |a 9681646983 
035 |a FCE 000010544 
035 |a FCE 030870 
037 |a Acervo ITESO - Biblioteca 
041 |a spa 
082 0 4 |a 378.98  |b KENt 
100 |a Kent Serna, Rollín,  |e comp  |e (autor) 
245 1 4 |a Los temas críticos de la educación superior en América latina :  |b estudios comparativos. 
264 |a México :  |b FCE : FLACSO : UUA,  |c 1996. 
300 |a 172 p. 
336 |a texto  |b txt  |2 rdacontenido 
337 |a sin mediación  |b n  |2 rdamedio 
338 |a volumen  |b nc  |2 rdasoporte 
440 0 |a (Sección de obras de educación y pedagogía) 
649 |a XX 
650 |a Estudio comparativo 
650 |a Educación superior 
650 |a Desarrollo de la educación 
650 |a Políticas de educación 
650 |a América Latina 
910 |a Fondo Centro de Estudios Educativos 
920 |a Impresos - Libros 
930 |a Fondos Especiales 
905 |a 133 
901 |a ALE030870  |b IT2  |c CEE  |u 20250521 
902 |a https://opac.biblio.iteso.mx/vufind/Record/000467814